000 01149nam a2200409 a 4500
001 21966
003 CZ PrNK
005 20260316115421.0
007 ta
008 121030s2012 xr a b 000 j slo
015 _acnb002412873
020 _a9788025221815
_q(váz.)
035 _a(OCoLC)820695031
040 _aABA001
_bcze
041 1 _aslo
_heng
072 7 _a821-93
_xLiteratura pro děti a mládež (beletrie)
_2Konspekt
080 _a821-32
_2MRF
080 _a821-93
_2MRF
080 _a(0:82-32)
_2MRF
245 0 0 _aNeskrotná
246 1 _iNázev v tiráži:
_aBrave filmový príbeh
250 _a1. vyd.
260 _aV Prahe :
_bEgmont,
_c2012
300 _a67 s. :
_bbarev. il. ;
_c30 cm
500 _aPřeloženo z angličtiny?
500 _aNad názvem: Disney, Pixar
655 7 _apříběhy
_2czenas
655 7 _apublikace pro děti
_2czenas
655 9 _astories
_2eczenas
655 9 _achildren's literature
_2eczenas
710 2 _aWalt Disney Pictures
710 2 _aPixar (firma)
765 0 _tBrave storybook
901 _b9788025221815
_f1. vyd.
_o20121101
910 _aABA001
942 _2ddc
_cKLDE
_n0
999 _c21966
_d21966